[Event "WLS-ch Minor"]
[Site "Cardiff"]
[Date "2017.04.14"]
[Round "2"]
[White "Jones, Dwain"]
[Black "Hamadah, Muhieddin"]
[Result "1/2-1/2"]
[WhiteElo "1245"]
[BlackElo "1302"]
[PlyCount "122"]
[EventDate "2017.04.14"]
[EventType "swiss"]
[EventRounds "7"]
[EventCountry "WLS"]
[SourceTitle "EXT 2022"]
[Source "ChessBase"]
[SourceDate "2021.10.06"]
[SourceVersion "1"]
[SourceVersionDate "2021.10.06"]
[SourceQuality "1"]

1. d4 d5 2. c4 dxc4 3. Nc3 Nc6 4. Nf3 Bg4 5. e3 Nb4 6. Bxc4 Nf6 7. 0-0 Nbd5 8. Nxd5 Nxd5 9. Bd2 Nb6 10. Bxf7+ Kxf7 11. Ne5+ Kg8 12. Qxg4 Qc8 13. Qf3 h6 14. Qf7+ Kh7 15. Qg6+ Kg8 16. f4 Qe8 17. Qe6+ Kh7 18. b3 Rd8 19. Qf5+ Kg8 20. Rac1 c6 21. Qe6+ Kh7 22. Qf7 Nd5 23. Qxe8 Rxe8 24. Nf7 Rg8 25. e4 Nf6 26. e5 Nd5 27. f5 e6 28. f6 gxf6 29. exf6 Rg6 30. Ne5 Rxf6 31. Nd7 Rf5 32. Rce1 Rxf1+ 33. Rxf1 Bd6 34. Nf6+ Nxf6 35. Rxf6 Kg8 36. Rxh6 c5 37. Be3 cxd4 38. Bxd4 b6 39. Rh8+ Kf7 40. Rh7+ Kg8 41. Rg7+ Kf8 42. Rxa7 Rc8 43. g3 Bc5 44. Bxc5+ Rxc5 45. Ra6 Rb5 46. Kf2 Rh5 47. h4 Rf5+ 48. Ke3 Rb5 49. Ke4 Ke7 50. h5 Rxh5 51. Rxb6 Ra5 52. a4 Rg5 53. Rb5 Rxg3 54. a5 Rg1 55. Rb6 Kd7 56. b4 Kc7 57. Rxe6 Re1+ 58. Kd5 Rxe6 59. Kxe6 Kc6 60. a6 Kb6 61. a7 Kxa7 1/2-1/2